00297nam a2200133Ia 45000030006000000080041000060400015000471000015000622450036000772500012001132600009001255460012001340050017001460STCL150530s9999 xx 000 0 und d aSTCLcSTCL aBelloc, H. aOn nothing and kindred subjects aSeventh c1925 aEnglish20220125171129.0